| 000 | 00402nam a22001337a 4500 | ||
|---|---|---|---|
| 999 |
_c528926 _d528926 |
||
| 003 | NUST | ||
| 038 | _aMSOHAIL | ||
| 082 |
_a624.17 _bNAW |
||
| 100 |
_aAhmad Nawaz _920766 |
||
| 245 | _aEffect of adding graphite nano/micro platelets on salt freez-thaw resistance of Nano-Modificent concrete (MS Thesis - Str Engg.) | ||
| 260 |
_aIslamabad _bNUST-NICE _c2019 |
||
| 300 |
_ap;49,; _c30cm |
||
| 942 |
_2ddc _cPR |
||